000 00249nam a2200097Ia 4500
005 20251222154305.0
008 251222s9999||||xx |||||||||||||| ||spa||
082 _aREF.985.008/C76/T.XXVI/V.II
245 0 _a"Memorias, diarios y crónicas"
942 _cLIB
999 _c33190
_d33190